Nosná konštrukcia vysokej budovy bytového komplexu

Gespeichert in:
Bibliographische Detailangaben
1. Verfasser: Tinka, Peter (Verfasst von)
Weitere Verfasser: Gramblička, Štefan (Betreuung Doktorarbeit)
Format: Manuskript Buch
Sprache:Slowakisch
Veröffentlicht: 2016
Schlagworte:
Online-Zugang:http://is.stuba.sk/zp/portal_zp.pl?podrobnosti=117366
https://opac.crzp.sk/?fn=detailBiblioForm&sid=41728D440EB1EF629617168922FE
Tags: Tag hinzufügen
Keine Tags, Fügen Sie das erste Tag hinzu!

MARC

LEADER 00000ntm a22000003a 4500
001 stuzp56878
003 SK-STU
005 20231009150139.3
007 ta
008 150427s2015----xo-----f-mn---000-0-slo-d
040 |a STU  |b slo 
041 0 |a slo 
100 1 |a Tinka, Peter  |u 010110  |4 aut  |U SvF Stavebná fakulta  |T SvF Katedra betónových konštrukcií a mostov  |X 7771  |U V110  |Y 11  |7 A000007771 
242 0 1 |a Bearing structure of high residential complex building  |y eng 
245 1 0 |a Nosná konštrukcia vysokej budovy bytového komplexu 
260 |c 2016 
650 4 |a atypický tvar  |2 slo 
650 4 |a spriahnutý stĺp  |2 slo 
650 4 |a vysoká budova  |2 slo 
650 4 |a high building  |2 eng 
650 4 |a atypical shape  |2 eng 
650 4 |a composite columns  |2 eng 
700 1 |a Gramblička, Štefan  |u 010110  |k Z1  |4 ths  |U SvF Stavebná fakulta  |T SvF Katedra betónových konštrukcií a mostov  |X 938  |U V110  |Y 11  |7 A000000938 
856 4 |u http://is.stuba.sk/zp/portal_zp.pl?podrobnosti=117366 
856 4 |u https://opac.crzp.sk/?fn=detailBiblioForm&sid=41728D440EB1EF629617168922FE 
SQL |a stuzp56878  |b DDP  |c SLO  |d Nosná konštrukcia vysokej budovy bytového komplexu  |e 7771  |f Tinka, Peter  |g 010110  |h 938  |i Gramblička, Štefan  |j 20160614  |k 945  |l 01  |m http://is.stuba.sk/zp/portal_zp.pl?podrobnosti=117366  |n I-NKS  |o 5.1.5. inžinierske konštrukcie a dopravné stavby